Top 10 Asian Countries with lowest Annual Precipitation - Statistics

General Stats
  • This quiz has been taken 18 times
  • The average score is 9 of 10
Answer Stats
mm Country % Correct
83 Bahrain
100%
111 Jordan
100%
121 Kuwait
100%
74 Qatar
100%
59 Saudi Arabia
100%
78 United Arab Emirates
100%
125 Oman
94%
167 Yemen
94%
161 Turkmenistan
72%
206 Uzbekistan
72%
No matching quizzes found
Score Distribution
Percent of People with Each Score
Percentile by Number Answered
Your Score History
You have not taken this quiz